[Event "Le Touquet op"]
[Site "Le Touquet"]
[Date "2006.11.01"]
[Round "7"]
[White "Bianchi, Guillaume"]
[Black "Hareux, Hubert"]
[Result "1-0"]
[WhiteElo "2162"]
[BlackElo "2237"]
[PlyCount "57"]
[EventDate "2006.10.28"]
[EventType "swiss"]
[EventRounds "9"]
[EventCountry "FRA"]
[SourceTitle "EXT 2007"]
[Source "ChessBase"]
[SourceDate "2006.11.23"]
[SourceVersion "1"]
[SourceVersionDate "2006.11.23"]
[SourceQuality "1"]

1. d4 e6 2. c4 Nf6 3. Nf3 b6 4. a3 Bb7 5. Nc3 d5 6. cxd5 Nxd5 7. e3 Be7 8. Bb5+ c6 9. Bd3 Nd7 10. 0-0 0-0 11. e4 Nxc3 12. bxc3 c5 13. Bf4 cxd4 14. cxd4 Rc8 15. a4 Rc3 16. Qb1 Qc8 17. Rd1 Ba6 18. Bb5 Rd8 19. Rc1 Rxc1+ 20. Qxc1 Bb7 21. Qxc8 Bxc8 22. Rc1 Nf6 23. Rc7 Kf8 24. Rxa7 Bd7 25. Bc7 Rc8 26. Ba6 Re8 27. Bb7 Bd8 28. Bd6+ Kg8 29. Ne5 1-0

[Event "Le Touquet op"]
[Site "Le Touquet"]
[Date "2006.10.31"]
[Round "5"]
[White "Hareux, Hubert"]
[Black "Zimmerman, Yuri"]
[Result "1/2-1/2"]
[WhiteElo "2237"]
[BlackElo "2360"]
[PlyCount "54"]
[EventDate "2006.10.28"]
[EventType "swiss"]
[EventRounds "9"]
[EventCountry "FRA"]
[SourceTitle "EXT 2007"]
[Source "ChessBase"]
[SourceDate "2006.11.23"]
[SourceVersion "1"]
[SourceVersionDate "2006.11.23"]
[SourceQuality "1"]

1. d4 d6 2. c4 g6 3. Nc3 Bg7 4. e4 Nf6 5. f3 0-0 6. Be3 a6 7. Qd2 c6 8. Bd3 b5 9. cxb5 axb5 10. Nge2 Nbd7 11. 0-0 Bb7 12. a3 e5 13. Qc2 Qe7 14. Rfc1 Rac8 15. Bf2 Nh5 16. Rd1 exd4 17. Nxd4 Ne5 18. Bf1 Qf6 19. Qd2 Rfd8 20. Be3 Qe7 21. Bf2 Qf6 22. Be3 Qe7 23. Bf2 Qf8 24. Be3 h6 25. Be2 Nf6 26. Qc1 Kh7 27. Rd2 Re8 1/2-1/2

[Event "Le Touquet op"]
[Site "Le Touquet"]
[Date "2006.10.30"]
[Round "4"]
[White "Duda, Richard"]
[Black "Hareux, Hubert"]
[Result "0-1"]
[WhiteElo "1856"]
[BlackElo "2237"]
[PlyCount "56"]
[EventDate "2006.10.28"]
[EventType "swiss"]
[EventRounds "9"]
[EventCountry "FRA"]
[SourceTitle "EXT 2007"]
[Source "ChessBase"]
[SourceDate "2006.11.23"]
[SourceVersion "1"]
[SourceVersionDate "2006.11.23"]
[SourceQuality "1"]

1. e4 e6 2. d4 d5 3. Nc3 Bb4 4. e5 c5 5. a3 Bxc3+ 6. bxc3 Qc7 7. Qg4 f5 8. Qg3 cxd4 9. Bb5+ Nc6 10. cxd4 Nge7 11. Bd2 0-0 12. Ne2 Bd7 13. 0-0 Be8 14. c3 Na5 15. Bxe8 Raxe8 16. Bh6 Ng6 17. Bg5 Qf7 18. Nf4 Nxf4 19. Bxf4 Rc8 20. Rfc1 Nb3 21. Rab1 Nxc1 22. Rxc1 Rc4 23. Qd3 Rfc8 24. g3 b6 25. Rc2 Qc7 26. Bd2 Qc6 27. Kg2 Qa4 28. Bc1 Rxd4 0-1

[Event "FRA-chT2 0304"]
[Site "France"]
[Date "2004.04.04"]
[Round "11"]
[White "Bartha, Sandor"]
[Black "Hareux, Hubert"]
[Result "1/2-1/2"]
[WhiteElo "2207"]
[BlackElo "2260"]
[PlyCount "47"]
[EventDate "2003.10.??"]
[EventType "team"]
[EventRounds "11"]
[EventCountry "FRA"]
[SourceTitle "EXT 2005"]
[Source "ChessBase"]
[SourceDate "2004.11.15"]
[SourceVersion "1"]
[SourceVersionDate "2004.11.15"]
[SourceQuality "1"]

1. d4 e6 2. Nf3 Nf6 3. Bg5 Be7 4. e3 0-0 5. Nbd2 d5 6. Bd3 b6 7. 0-0 Bb7 8. c3 Ne4 9. Bxe7 Qxe7 10. Qc2 f5 11. Ne5 Nxd2 12. Qxd2 Nd7 13. f4 Nxe5 14. fxe5 Bc6 15. Rf2 Be8 16. Raf1 Bh5 17. Qc2 Qg5 18. Qd2 Qe7 19. h3 Rf7 20. Kh2 Raf8 21. g3 Qg5 22. Be2 Bxe2 23. Qxe2 Qe7 24. Rc1 1/2-1/2

[Event "BEL-chT 0304"]
[Site "Belgium"]
[Date "2004.01.11"]
[Round "6.6"]
[White "Baert, Andy"]
[Black "Hareux, Hubert"]
[Result "0-1"]
[WhiteElo "2187"]
[BlackElo "2253"]
[PlyCount "100"]
[EventDate "2003.10.01"]
[EventType "team"]
[EventRounds "11"]
[EventCountry "BEL"]
[SourceTitle "EXT 2005"]
[Source "ChessBase"]
[SourceDate "2004.11.15"]
[SourceVersion "1"]
[SourceVersionDate "2004.11.15"]
[SourceQuality "1"]
[WhiteTeam "Borgerhout"]
[BlackTeam "Charleroi CREC"]
[WhiteTeamCountry "BEL"]
[BlackTeamCountry "BEL"]

1. e4 e6 2. d4 d5 3. Nd2 c5 4. exd5 Qxd5 5. Ngf3 cxd4 6. Bc4 Qd6 7. 0-0 Nf6 8. Re1 Nc6 9. Ne4 Nxe4 10. Rxe4 Be7 11. Bf4 Qc5 12. Bb3 Bf6 13. c3 0-0 14. cxd4 Qf5 15. Qe2 b6 16. Ne5 Ba6 17. Qe3 Nxe5 18. dxe5 Be7 19. Bc2 Rac8 20. Rc4 Qg4 21. h3 Qh4 22. Rxc8 Rxc8 23. Be4 Bc5 24. Qf3 Be2 25. Qxe2 Qxf4 26. Bf3 Bd4 27. Re1 Rc1 28. Kf1 Rxe1+ 29. Qxe1 Bxb2 30. Qd1 h6 31. Qd8+ Kh7 32. Qd3+ g6 33. g3 Qxe5 34. Qd7 Qf6 35. Kg2 a5 36. a4 Bd4 37. h4 h5 38. Qb5 Bc5 39. Qd7 Kg7 40. Qd3 Qb2 41. Qe2 Qd4 42. Bc6 Qc3 43. Bb5 Qd4 44. Bc6 e5 45. Qa2 f5 46. Be8 Kh6 47. Kf1 f4 48. Qc2 Qd6 49. Qe4 fxg3 50. fxg3 Qf8+ 0-1

[Event "Cappelle op 19th"]
[Site "Cappelle la Grande"]
[Date "2003.02.26"]
[Round "6"]
[White "Hareux, Hubert"]
[Black "Lalic, Bogdan"]
[Result "0-1"]
[WhiteElo "2246"]
[BlackElo "2547"]
[PlyCount "58"]
[EventDate "2003.02.22"]
[EventType "swiss"]
[EventRounds "9"]
[EventCountry "FRA"]
[SourceTitle "CBM 092 Extra"]
[Source "ChessBase"]
[SourceDate "2003.03.07"]
[SourceVersion "1"]
[SourceVersionDate "2003.03.07"]
[SourceQuality "1"]

1. d4 Nf6 2. c4 g6 3. Nc3 Bg7 4. e4 d6 5. f3 0-0 6. Be3 a6 7. Nge2 c6 8. a4 a5 9. Nc1 Na6 10. Be2 Nd7 11. 0-0 e5 12. Qd2 exd4 13. Bxd4 Bxd4+ 14. Qxd4 Ndc5 15. Rb1 Qb6 16. Rd1 Be6 17. b3 Rad8 18. Qf2 f5 19. exf5 Bxf5 20. Bd3 Be6 21. Kf1 Qc7 22. Qg3 Nb4 23. Rb2 Qg7 24. Qe1 Bf7 25. Bb1 d5 26. cxd5 Nxd5 27. N1a2 Rde8 28. Re2 Rxe2 29. Nxe2 Ne3+ 0-1

[Event "BEL-chT2 0203"]
[Site "Belgium"]
[Date "2003.02.09"]
[Round "8"]
[White "Hareux, Hubert"]
[Black "Sadkowsky, Daniel"]
[Result "0-1"]
[WhiteElo "2246"]
[BlackElo "2299"]
[PlyCount "74"]
[EventDate "2002.10.01"]
[EventType "team"]
[EventRounds "11"]
[EventCountry "BEL"]
[SourceTitle "EXT 2004"]
[Source "ChessBase"]
[SourceDate "2003.11.25"]
[SourceVersion "1"]
[SourceVersionDate "2003.11.25"]
[SourceQuality "1"]

1. d4 Nf6 2. c4 g6 3. Nc3 Bg7 4. e4 d6 5. f3 0-0 6. Be3 e5 7. d5 c6 8. Qd2 cxd5 9. cxd5 a6 10. Bd3 Nbd7 11. Nge2 b5 12. 0-0 Nb6 13. Rfc1 Bd7 14. b3 Nh5 15. a4 b4 16. Nd1 a5 17. Ra2 f5 18. Bb5 Nf6 19. Bxd7 Nbxd7 20. exf5 gxf5 21. Rc6 Nc5 22. Bxc5 dxc5 23. Ne3 Bh6 24. f4 Ne4 25. Qd3 Bxf4 26. Nxf4 exf4 27. Nxf5 Rxf5 28. Qxe4 Qxd5 29. Qxd5+ Rxd5 30. Re2 Rf8 31. Re7 f3 32. gxf3 Rxf3 33. Rc8+ Rf8 34. Rxf8+ Kxf8 35. Ra7 Rd2 36. Rxa5 c4 37. bxc4 b3 0-1

[Event "Bethune op-A 23th"]
[Site "Bethune"]
[Date "2002.12.27"]
[Round "2"]
[White "Hareux, Hubert"]
[Black "Jongsma, Wietze"]
[Result "1-0"]
[WhiteElo "2241"]
[BlackElo "2174"]
[PlyCount "109"]
[EventDate "2002.12.26"]
[EventType "swiss"]
[EventRounds "7"]
[EventCountry "FRA"]
[SourceTitle "CBM 091 Extra"]
[Source "ChessBase"]
[SourceDate "2003.01.09"]
[SourceVersion "1"]
[SourceVersionDate "2003.01.09"]
[SourceQuality "1"]

1. d4 g6 2. c4 Bg7 3. e4 d6 4. Nc3 Nc6 5. Be3 e5 6. d5 Nce7 7. Qd2 f5 8. f3 Nf6 9. Bd3 0-0 10. Nge2 fxe4 11. Bxe4 Nf5 12. Bg5 Nxe4 13. fxe4 Ne7 14. 0-0-0 Bg4 15. h3 Bxe2 16. Qxe2 Qd7 17. Rhf1 h6 18. Bxe7 Qxe7 19. Rxf8+ Rxf8 20. Rf1 h5 21. Rxf8+ Bxf8 22. Qf2 b6 23. Kc2 a6 24. Kb3 Bh6 25. a4 a5 26. Nb5 Bf4 27. Kc3 Qd8 28. b4 axb4+ 29. Kxb4 Qa8 30. Qh4 Qa5+ 31. Kb3 Qd2 32. Qd8+ Kh7 33. Qxc7+ Kh6 34. Nc3 Be3 35. Qxd6 Bd4 36. Qf8+ Kh7 37. Qf7+ Kh6 38. Qf3 Kg7 39. d6 Bxc3 40. Qxc3 Qxd6 41. a5 bxa5 42. c5 Qd1+ 43. Ka3 Kh7 44. c6 Qd6+ 45. Ka4 Qc7 46. Qc5 Kh6 47. h4 Kg7 48. Kb5 Kh6 49. g3 Kg7 50. Qb6 Qd6 51. c7 Qd3+ 52. Kxa5 Qa3+ 53. Kb5 Qd3+ 54. Kc6 Qxe4+ 55. Kd7 1-0

[Event "Le Touquet op 17th"]
[Site "Le Touquet"]
[Date "2002.10.29"]
[Round "4"]
[White "Hareux, Hubert"]
[Black "Roeder, Mathias"]
[Result "0-1"]
[WhiteElo "2241"]
[BlackElo "2476"]
[PlyCount "100"]
[EventDate "2002.10.27"]
[EventType "swiss"]
[EventRounds "9"]
[EventCountry "FRA"]
[SourceTitle "EXT 2003"]
[Source "ChessBase"]
[SourceDate "2002.11.25"]
[SourceVersion "1"]
[SourceVersionDate "2002.11.25"]
[SourceQuality "1"]

1. d4 Nf6 2. c4 g6 3. Nc3 Bg7 4. e4 d6 5. f3 0-0 6. Be3 Nbd7 7. Qd2 c5 8. Nge2 a6 9. Rd1 b6 10. Nc1 cxd4 11. Bxd4 Bb7 12. Be2 Rc8 13. 0-0 Re8 14. b3 Qc7 15. Na4 Nc5 16. Nxc5 dxc5 17. Bf2 Rcd8 18. Qc2 Nd7 19. Bg3 e5 20. Bh4 Rc8 21. Nd3 Nf8 22. Nf2 Ne6 23. Ng4 Nd4 24. Qd2 Re6 25. Bd3 Rf8 26. Ne3 f5 27. Nd5 Qd6 28. Rb1 Rc8 29. Bf2 Ree8 30. Rfc1 Bxd5 31. cxd5 b5 32. a4 fxe4 33. fxe4 Qb6 34. Be2 Bh6 35. Be3 Bxe3+ 36. Qxe3 c4 37. Kh1 cxb3 38. Rxc8 Rxc8 39. axb5 axb5 40. h3 Qf6 41. Rf1 Qe7 42. Bg4 Rf8 43. Rb1 h5 44. Be2 Kg7 45. Kg1 Qc5 46. Kh2 Qc2 47. Bd3 Qf2 48. Qxf2 Rxf2 49. Kg3 Rd2 50. Bf1 b2 0-1

[Event "Le Touquet op 17th"]
[Site "Le Touquet"]
[Date "2002.10.28"]
[Round "3"]
[White "Taddei, Benoit"]
[Black "Hareux, Hubert"]
[Result "1/2-1/2"]
[WhiteElo "2319"]
[BlackElo "2241"]
[PlyCount "117"]
[EventDate "2002.10.27"]
[EventType "swiss"]
[EventRounds "9"]
[EventCountry "FRA"]
[SourceTitle "EXT 2003"]
[Source "ChessBase"]
[SourceDate "2002.11.25"]
[SourceVersion "1"]
[SourceVersionDate "2002.11.25"]
[SourceQuality "1"]

1. d4 e6 2. c4 Nf6 3. Nc3 Bb4 4. f3 d5 5. a3 Bxc3+ 6. bxc3 c5 7. cxd5 Nxd5 8. dxc5 Qa5 9. e4 Ne7 10. Qb3 Qc7 11. Be3 0-0 12. Ne2 e5 13. Rb1 Nec6 14. Nc1 Na5 15. Qc2 Be6 16. Qa4 Nd7 17. Qb4 Rfc8 18. Nd3 Bc4 19. Kf2 Bxd3 20. Bxd3 Nxc5 21. Be2 Ne6 22. Rhc1 b6 23. Kg1 Nc4 24. Bf2 Nf4 25. Rc2 Nxe2+ 26. Rxe2 Rd8 27. a4 Rac8 28. Rc2 Qd6 29. Qxd6 Rxd6 30. Rbc1 f6 31. Kf1 Kf7 32. Ke2 Rcd8 33. Be1 Ke6 34. Ra2 a5 35. Rb1 R8d7 36. Rc1 Ke7 37. Rb1 Kd8 38. Rc1 Kc7 39. Rb1 Kc6 40. Rc1 g5 41. h3 Rd3 42. Rb1 h5 43. Rc1 g4 44. Kf2 gxf3 45. gxf3 h4 46. Raa1 Nd2 47. Ke2 Nb3 48. Rd1 Nc5 49. Bxh4 Rxd1 50. Rxd1 Rf7 51. Ra1 f5 52. exf5 Rxf5 53. Bf2 e4 54. fxe4 Nxe4 55. Bd4 Rh5 56. Kf3 Rh4 57. Rg1 Kd5 58. Kg2 Nc5 59. Kg3 1/2-1/2

[Event "Dieppe op 3rd"]
[Site "Dieppe"]
[Date "2002.08.03"]
[Round "8"]
[White "Hareux, Hubert"]
[Black "Pytel, Krzysztof"]
[Result "0-1"]
[WhiteElo "2241"]
[BlackElo "2429"]
[PlyCount "110"]
[EventDate "2002.??.??"]
[EventType "swiss"]
[EventRounds "9"]
[EventCountry "FRA"]
[SourceTitle "EXT 2005"]
[Source "ChessBase"]
[SourceDate "2004.11.15"]
[SourceVersion "1"]
[SourceVersionDate "2004.11.15"]
[SourceQuality "1"]

1. d4 e6 2. c4 Nf6 3. Nc3 Bb4 4. Qc2 d6 5. Nf3 Nbd7 6. Bg5 Qe7 7. a3 Bxc3+ 8. Qxc3 b6 9. g3 Bb7 10. Bg2 c5 11. dxc5 Nxc5 12. 0-0 Rc8 13. Rac1 Nce4 14. Qd3 Nxg5 15. Nxg5 Bxg2 16. Kxg2 0-0 17. Rfd1 Rfd8 18. Kg1 Qb7 19. Qe3 h6 20. Nf3 Qe4 21. Qxe4 Nxe4 22. Ne1 Kf8 23. f3 Nf6 24. e4 Ke7 25. Nd3 Nd7 26. Kf2 Nb8 27. Ke3 Nc6 28. Rc3 Na5 29. Rdc1 Rc7 30. b4 Nc6 31. f4 g5 32. e5 gxf4+ 33. gxf4 dxe5 34. Nxe5 Nd4 35. Rd3 Nf5+ 36. Ke2 f6 37. Rxd8 Kxd8 38. Nd3 Rg7 39. Kf2 Nh4 40. Rg1 Rxg1 41. Kxg1 Nf3+ 42. Kg2 Nd2 43. c5 b5 44. Nb2 Kd7 45. Kf2 Kc6 46. Ke2 Nb1 47. Kf3 Nxa3 48. Kg4 Nc4 49. Nd3 Kd5 50. h4 Ne3+ 51. Kh5 Nf5 52. Kg6 Nxh4+ 53. Kxf6 Nf5 54. c6 Nd6 55. c7 Ne8+ 0-1

[Event "FRA-chT2"]
[Site "France"]
[Date "2002.03.10"]
[Round "9"]
[White "Hareux, Hubert"]
[Black "L'Henoret, Thierry"]
[Result "1-0"]
[WhiteElo "2224"]
[BlackElo "2136"]
[PlyCount "53"]
[EventDate "2002.??.??"]
[EventType "team"]
[EventRounds "11"]
[EventCountry "FRA"]
[SourceTitle "EXT 2003"]
[Source "ChessBase"]
[SourceDate "2002.11.25"]
[SourceVersion "1"]
[SourceVersionDate "2002.11.25"]
[SourceQuality "1"]
[WhiteTeam "Cappelle la Grande"]
[BlackTeam "Bois Colombes"]
[WhiteTeamCountry "FRA"]
[BlackTeamCountry "FRA"]

1. d4 Nf6 2. c4 e5 3. dxe5 Ng4 4. Bf4 Bb4+ 5. Nd2 d6 6. exd6 Qf6 7. Nh3 Nxf2 8. Kxf2 Bxh3 9. g3 Bc5+ 10. e3 g5 11. Ne4 Qxb2+ 12. Qe2 Qxa1 13. Bxh3 Qxh1 14. Qb2 f6 15. Nxf6+ Kf7 16. Bg2 Qxg2+ 17. Kxg2 gxf4 18. dxc7 b6 19. cxb8Q Raxb8 20. Nd7 Rhe8 21. Qf6+ Kg8 22. Qg5+ Kh8 23. Qf6+ Kg8 24. Qxf4 Bxe3 25. Qg4+ Kh8 26. Nxb8 Rxb8 27. Qe4 1-0

[Event "Bethune op 22nd"]
[Site "Bethune"]
[Date "2001.12.30"]
[Round "7"]
[White "Drouilly, Michel"]
[Black "Hareux, Hubert"]
[Result "0-1"]
[WhiteElo "1970"]
[BlackElo "2221"]
[PlyCount "120"]
[EventDate "2001.12.26"]
[EventType "swiss"]
[EventRounds "7"]
[EventCountry "FRA"]
[SourceTitle "CBM 085 Extra"]
[Source "ChessBase"]
[SourceDate "2002.01.21"]
[SourceVersion "1"]
[SourceVersionDate "2002.01.21"]
[SourceQuality "1"]

1. e4 e6 2. d4 d5 3. exd5 exd5 4. Nf3 Bd6 5. Bd3 Bg4 6. 0-0 Ne7 7. Be3 Nbc6 8. Nbd2 Nb4 9. Be2 Nf5 10. c3 Nc6 11. Re1 0-0 12. Bg5 f6 13. Bh4 Qd7 14. Bg3 Nxg3 15. hxg3 Rfe8 16. Nh4 Be6 17. Bd3 g5 18. Nhf3 Re7 19. Nf1 Rf8 20. Ne3 h6 21. c4 dxc4 22. Bxc4 Bxc4 23. Nxc4 Rxe1+ 24. Qxe1 Re8 25. Qc3 Kg7 26. Ne3 Ne7 27. Qc2 c6 28. Rd1 Bc7 29. d5 cxd5 30. Nd4 Bb6 31. Ndf5+ Nxf5 32. Nxf5+ Kh8 33. Nxh6 Qh7 34. Nf5 Re5 35. Qc8+ Qg8 36. Qxg8+ Kxg8 37. Ne3 Bxe3 38. fxe3 Kf7 39. Kf2 Ke7 40. Ke2 Kd6 41. Kd3 Re4 42. Rf1 Ke5 43. Rh1 Rb4 44. b3 a5 45. Rh7 a4 46. bxa4 Rxa4 47. Re7+ Kd6 48. Rxb7 Rxa2 49. Rb4 Rxg2 50. g4 Ke5 51. Rd4 Rg1 52. Ke2 Rc1 53. Kf3 Rc4 54. Rd1 Rb4 55. Rd2 Rb1 56. Kf2 Rh1 57. Rd4 Rh4 58. Kg3 f5 59. gxf5 Rxd4 60. exd4+ Kxf5 0-1

[Event "Bethune op 22nd"]
[Site "Bethune"]
[Date "2001.12.29"]
[Round "6"]
[White "Hareux, Hubert"]
[Black "Friess, Nicolas"]
[Result "1-0"]
[WhiteElo "2221"]
[BlackElo "2055"]
[PlyCount "25"]
[EventDate "2001.12.26"]
[EventType "swiss"]
[EventRounds "7"]
[EventCountry "FRA"]
[SourceTitle "CBM 085 Extra"]
[Source "ChessBase"]
[SourceDate "2002.01.21"]
[SourceVersion "1"]
[SourceVersionDate "2002.01.21"]
[SourceQuality "1"]

1. d4 d5 2. c4 e6 3. Nc3 c6 4. e3 Nf6 5. Nf3 Nbd7 6. Qc2 Bd6 7. b3 0-0 8. Bb2 Re8 9. Be2 dxc4 10. Bxc4 e5 11. Rd1 Qe7 12. Ng5 Nd5 13. Qxh7+ 1-0

[Event "Le Touquet op 16th"]
[Site "Le Touquet"]
[Date "2001.10.29"]
[Round "4"]
[White "Leburgue, Sylvain"]
[Black "Hareux, Hubert"]
[Result "0-1"]
[WhiteElo "2096"]
[BlackElo "2221"]
[PlyCount "64"]
[EventDate "2001.10.27"]
[EventType "swiss"]
[EventRounds "9"]
[EventCountry "FRA"]
[SourceTitle "EXT 2002"]
[Source "ChessBase"]
[SourceDate "2001.11.25"]
[SourceVersion "1"]
[SourceVersionDate "2001.11.25"]
[SourceQuality "1"]

1. e4 e6 2. d4 d5 3. Nc3 Bb4 4. e5 c5 5. a3 Bxc3+ 6. bxc3 Qc7 7. Qg4 f5 8. Qg3 cxd4 9. cxd4 Ne7 10. Bd2 0-0 11. Bd3 b6 12. Ne2 Ba6 13. Nf4 Qd7 14. h4 Bxd3 15. Qxd3 Rc8 16. Rh3 Kh8 17. Rg3 Rc4 18. Nh5 Ng6 19. c3 Nc6 20. Qe2 Rg8 21. Bh6 f4 22. Bxf4 Nxh4 23. Qg4 Nf5 24. Rh3 Qf7 25. Rd1 Nce7 26. Rdd3 Ng6 27. Bh2 Nh6 28. Qe2 Qe7 29. Nf4 Nxf4 30. Bxf4 Qxa3 31. Bxh6 gxh6 32. Rxh6 Qc1+ 0-1

[Event "FRA-chT"]
[Site "France"]
[Date "2001.02.04"]
[Round "3.7"]
[White "Eliet, Nicolas"]
[Black "Hareux, Hubert"]
[Result "1-0"]
[WhiteElo "2398"]
[BlackElo "2211"]
[PlyCount "91"]
[EventDate "2001.02.02"]
[EventType "team"]
[EventRounds "11"]
[EventCountry "FRA"]
[SourceTitle "EXT 2002"]
[Source "ChessBase"]
[SourceDate "2001.11.25"]
[SourceVersion "1"]
[SourceVersionDate "2001.11.25"]
[SourceQuality "1"]
[WhiteTeam "Gonfreville"]
[BlackTeam "Cappelle la Grande"]
[WhiteTeamCountry "FRA"]
[BlackTeamCountry "FRA"]

1. d4 e6 2. c4 Nf6 3. Nc3 Bb4 4. Qb3 c5 5. dxc5 Nc6 6. Nf3 Bxc5 7. Bg5 Be7 8. e4 Qa5 9. Bd2 Qc7 10. Be2 0-0 11. Rc1 d6 12. 0-0 b6 13. Bf4 Ne5 14. Nd4 Bb7 15. Ndb5 Qb8 16. f3 Nfd7 17. Qd1 a6 18. Nd4 Rd8 19. Qe1 Qc7 20. b3 Rac8 21. Qf2 Nc5 22. Rfd1 Rb8 23. b4 Ncd7 24. Nd5 exd5 25. cxd5 Nc5 26. bxc5 bxc5 27. Nf5 Bf8 28. Qg3 Bc8 29. Bxe5 Bxf5 30. Bc3 Bc8 31. e5 Re8 32. f4 g6 33. Bc4 Bg7 34. Re1 Bb7 35. exd6 Qd7 36. Be5 f6 37. Bc3 Qxd6 38. Re6 Rxe6 39. dxe6 Be4 40. f5 Qxg3 41. e7+ Kh8 42. hxg3 Bh6 43. Re1 Bc6 44. Bxf6+ Bg7 45. Bxg7+ Kxg7 46. f6+ 1-0